| 000 -LEADER | |
|---|---|
| fixed length control field | 00435nam a22001697a 4500 |
| 005 - DATE AND TIME OF LATEST TRANSACTION | |
| control field | 20160528111410.0 |
| 008 - FIXED-LENGTH DATA ELEMENTS--GENERAL INFORMATION | |
| fixed length control field | 160528b xxu||||| |||| 00| 0 eng d |
| 020 ## - INTERNATIONAL STANDARD BOOK NUMBER | |
| ISBN | 978-0-07-05993-6 |
| 041 ## - LANGUAGE CODE | |
| Language code of text/sound track or separate title | eng |
| 082 ## - DEWEY DECIMAL CLASSIFICATION NUMBER | |
| Item number | 5732 |
| 100 ## - MAIN ENTRY--AUTHOR NAME | |
| Personal name | Chhabra, T.N. and others |
| 245 ## - TITLE STATEMENT | |
| Title | Marketing Management |
| 260 ## - PUBLICATION, DISTRIBUTION, ETC. (IMPRINT) | |
| Place of publication | New Delhi |
| Name of publisher | Dhanpat Rai Publising Co. Pvt. Ltd. |
| Year of publication | 2010 |
| 300 ## - PHYSICAL DESCRIPTION | |
| Number of Pages | 8.42 |
| 650 ## - SUBJECT ADDED ENTRY--TOPICAL TERM | |
| Topical Term | Management |
| 942 ## - ADDED ENTRY ELEMENTS (KOHA) | |
| Koha item type | Books |
| Lost status | Damaged status | Collection code | Home library | Current library | Shelving location | Date acquired | Cost, normal purchase price | Full call number | Accession Number | Koha item type |
|---|---|---|---|---|---|---|---|---|---|---|
| MANAGEMENT | JRU Library | JRU Library | SHELF - 69 L | 28/05/2016 | 200.00 | 5732 | 5732 | Books | ||
| MANAGEMENT | JRU Library | JRU Library | SHELF - 69 L | 28/05/2016 | 200.00 | 5732 | 5733 | Books | ||
| MANAGEMENT | JRU Library | JRU Library | SHELF - 69 L | 28/05/2016 | 200.00 | 5732 | 5734 | Books | ||
| MANAGEMENT | JRU Library | JRU Library | SHELF - 69 L | 28/05/2016 | 200.00 | 5732 | 5735 | Books | ||
| MANAGEMENT | JRU Library | JRU Library | SHELF - 69 L | 28/05/2016 | 200.00 | 5732 | 5736 | Books | ||
| MANAGEMENT | JRU Library | JRU Library | SHELF - 69 L | 28/05/2016 | 200.00 | 5732 | 5737 | Books | ||
| Reference | JRU Library | SHELF-28-J | 28/05/2016 | 200.00 | 5732 | 5738 | Books | |||
| MANAGEMENT | JRU Library | JRU Library | SHELF - 69 L | 28/05/2016 | 200.00 | 5732 | 5739 | Books | ||
| MANAGEMENT | JRU Library | JRU Library | SHELF - 69 L | 28/05/2016 | 200.00 | 5732 | 5740 | Books | ||
| MANAGEMENT | JRU Library | JRU Library | SHELF - 69 L | 28/05/2016 | 200.00 | 5732 | 5741 | Books |